00486 2200181 4500001002100000005001500021035002000036245004900056100002500105250001200130300002700142260004500169082001000214084001600224020002200240650001700262600002500279INLIS00000000000116720240719090528 a0010-07240001601 aAku Tidak Suka Marah /cNurhayati Pujiastuti0 aNurhayati Pujiastuti aCet. IV a40 hlm ;c20 x 19,5 cm aBanyuanyar Surakarta :bziyadbook,c2021 a741.5 a741.5 NUR a a978-602-317-510-9 4aKoleksi Anak 4aNurhayati Pujiastuti